Feria Oficial de Muestras : Barcelona : 24-31 de Octubre de 1920 Barcelona :
Descripción Física:
[11] p. : il. ; 27 cm
Materias:
Fira de Barcelona
MARC
| LEADER | 00000nam a2200000Ia 4500 | ||
|---|---|---|---|
| 001 | 19415 | ||
| 008 | 160829s1920 xx 000 0 cat d | ||
| 080 | |a 2793, exp. 62 | ||
| 110 | 2 | |a Fira de Barcelona |9 55121 | |
| 245 | |a Feria Oficial de Muestras : |b Barcelona : |b 24-31 de Octubre de 1920 | ||
| 260 | |a Barcelona : |b [s.n.], |c 1920 | ||
| 300 | |a [11] p. : |b il. ; |c 27 cm | ||
| 590 | |a A la coberta: Término de adminisión de inscripciones: 30 de Julio de 1920. | ||
| 590 | |a Inclou els plànols dels stands i el reglament | ||
| 650 | |a Fira de Barcelona | ||
| 901 | |a Arxiu | ||
| 942 | |n 1 | ||
| 952 | |0 0 |1 0 |4 0 |6 2793_EXP_62 |7 1 |9 54515 |a Arxiu |b Arxiu |d 2016-12-01 |l 0 |o 2793, exp. 62 |p 19415 |r 2016-12-01 00:00:00 |w 2016-12-01 |y ARXIU | ||
| 999 | |c 58384 |d 58384 | ||